Podnikové kombinácie v podmienkach SR a ich daňový dopad diplomová práca

Enregistré dans:
Détails bibliographiques
Auteur principal: Onuščáková, Marta
Collectivité auteur: Národohospodárska fakulta EU. Katedra financií
Autres auteurs: Kubicová, Jana, 1961-
Format: Livre
Langue:slovaque
Publié: Bratislava 2011
Tags: Ajouter un tag
Pas de tags, Soyez le premier à ajouter un tag!

MARC

LEADER 00000nbm a2200000 4500
001 0130942
005 20161109101632.8
041 0 |a slo 
044 |a SK 
245 1 0 |a Podnikové kombinácie v podmienkach SR a ich daňový dopad  |b diplomová práca  |c Marta Onuščáková ; školiteľ: Jana Kubicová 
264 1 |a Bratislava  |c 2011 
300 |a 68 s. 
100 1 |a Onuščáková, Marta 
700 1 |a Kubicová, Jana, 1961- 
710 2 |a Národohospodárska fakulta EU. Katedra financií